000 01875nam0a2200349 4500
001 RU\NLR\bibl\1111428
005 20250615061650.0
021 _aRU
_b2007-39957
_92142
035 _a(nilc)RSL-KNO-003129741
035 _a(NLR Aleph) 001098466
090 _a1162988
_c1162988
100 _a20070626d2007 |||y0rusy50 ca
101 0 _arus
102 _aRU
105 _ay |||||||||
200 1 _aСовременная мордовская проза
_e(на материале творчества М. Сайгина)
_eучебное пособие
_fС.В. Шеянова
210 _aСаранск
_c[б.и.]
_d2007
215 _a74,[2] с.
_d20
320 _aБиблиогр.: с. 74-75 (32 назв.)
600 1 _aСайгин
_bМ.Л.
_f1913
_gМихаил Лукьянович
_92480380
_3RU\NLR\auth\661472488
610 0 _aФилологические науки. Художественная литература -- Российская Федерация -- Мордовская литература -- с 1917 г. -- Персоналии писателей -- Сайгин Михаил Лукьянович (р.1913) - писатель -- Исследования произведений писателя по жанрам -- Прозаические произведения -- Учебные пособия для высшей школы
686 _aШ5(2=Морд)7-4Сайгин М.Л.534я73-1
_2rubbk
686 _aШ5(2=Морд)7-4Сайгин534
700 1 _aШеянова
_bС. В.
_gСветлана Васильевна
_4070
702 1 _4570
_7ca
_8rus
_aСайгин
_bМ. Л.
_f1913-2007
_gМихаил Лукьянович
_92886
_3RU\NLR\auth\7719815
801 0 _aRU
_bРКП
_c20070626
_grcr
801 1 _aRU
_bРГБ
_c20070626
801 2 _aRU
_bNLR
_c20070720
_grcr
942 _cBOOK
980 _aNB